000 00645nam a2200217Ia 4500
003 OSt
005 20260305154221.0
008 210210b1925 xxu||||| |||| 00| 0 eng d
040 _cAL
041 _aHindi
082 _a863/107
100 _aWilliam Shakespeare
_dविलियम शेक्सपियर
_9257857
245 _aJulius caesar
_b जूलियस सीज़र
260 _aIllAhAbAd
_b-
_c1925
650 _aJulius
_9257858
650 _acaesar
_9257859
690 _aHindi Drama
_9257860
700 _aLALA (Sitaram)
_d लाला (सीताराम) tr
_9257861
906 _a023484
942 _2ddc
_cBK
999 _c148454
_d148454